Đang tải...

Exploring early India Up to CAD1300

Chi tiết về thư mục
Tác giả chính: Ranbir Chakrabarthi
Định dạng: Printed Book
Được phát hành: New Delhi, PRimus books, 2018.
LEADER 00592nam a22001457a 4500
999 |c 274179  |d 274179 
020 |a 9789384082673 
082 |a 954.023  |b RAN.E 
100 |a Ranbir Chakrabarthi 
245 |a Exploring early India Up to CAD1300 
260 |a New Delhi,  |b PRimus books,  |c 2018. 
300 |a 491p. 
942 |c BK 
952 |0 0  |1 0  |4 0  |6 954_023000000000000_RAN_E  |7 0  |9 291675  |a SDE  |b SDE  |d 2020-02-28  |g 320.00  |l 0  |o 954.023 RAN.E  |p SDE27466  |r 2020-02-28  |w 2020-02-28  |y BK 
952 |0 0  |1 0  |4 0  |6 954_023000000000000_RAN_E  |7 0  |9 312088  |a SDE  |b SDE  |d 2020-06-24  |g 349.00  |l 0  |o 954.023 RAN.E  |p SDE27461  |r 2020-06-24  |w 2020-06-24  |y BK